Clickable Cities in Movies Quiz Stats

Quiz Updated Dec 6, 2015

Challenge
Share
Tweet
Embed
Score 0/30 Timer 06:00
7 Plays Today
% Correct
Seattle
97.9%
Miami
97.9%
New York
94.6%
Rome
93.4%
Las Vegas
85.9%
Tokyo
83.6%
Washington
83.5%
Shanghai
83.1%
Durham
80.9%
Barcelona
74%
Boston
72.9%
Havana
71%
Detroit
69.4%
St. Louis
68.8%
Canterbury
66.6%
% Correct
Cairo
64.8%
Bruges
64.3%
Philadelphia
62.1%
Memphis
59.3%
Cincinnati
54.7%
Los Angeles
52.7%
Dallas
52.6%
Moscow
50.7%
San Francisco
49.7%
Bangkok
46.4%
Denver
46.1%
Paris
43%
Brighton
36.9%
Cherbourg
30.5%
Sarajevo
30.2%

You're not logged in!

Compare scores with friends on all Sporcle quizzes.
Sign Up with Email
OR
Log In

You Might Also Like...

Show Comments

Extras

Top Quizzes Today


Score Distribution

Your Account Isn't Verified!

In order to create a playlist on Sporcle, you need to verify the email address you used during registration. Go to your Sporcle Settings to finish the process.